El río de rosas o sea El Santo Rosario de la Madre de Dios / (Record no. 163542)

MARC details
000 -LEADER
campo de control de longitud fija 01138nam a22002535i 4500
001 - NÚMERO DE CONTROL
campo de control 163542
003 - IDENTIFICADOR DE NÚMERO DE CONTROL
campo de control ES-MaACL
005 - FECHA Y HORA DE LA ÚLTIMA TRANSACCIÓN
campo de control 20251014063236.0
008 - DATOS DE LONGITUD FIJA--INFORMACIÓN GENERAL
campo de control de longitud fija 010208s1895 sp |||| | spa d
100 1# - ENTRADA PRINCIPAL--NOMBRE DE PERSONA
Nombre de persona Ruiz Tordesillas, María,
Fechas asociadas al nombre 1864-
9 (RLIN) 171452
245 13 - MENCIÓN DEL TÍTULO
Título El río de rosas o sea El Santo Rosario de la Madre de Dios /
Mención de responsabilidad, etc. por una asociada al Rosario Perpetuo.
260 ## - PUBLICACIÓN, DISTRIBUCIÓN, ETC.
Lugar de publicación, distribución, etc. Madrid :
Nombre del editor, distribuidor, etc. [s.n.],
Fecha de publicación, distribución, etc. 1895 (
Fabricante Imp. y Lit. del Asilo de Huérfanos del Sagrado Corazón de Jesús)
300 ## - DESCRIPCIÓN FÍSICA
Extensión 197 p., 1 lám. ;
Dimensiones 19 cm.
490 1# - MENCIÓN DE SERIE
Mención de serie Biblioteca de la mujer piadosa
530 ## - NOTA DISPONIBLE DE FORMULARIO FÍSICO ADICIONAL
Nota de formato físico adicional disponible Disponible en formato digital.
594 ## - Nota al título y mención de responsabilidad
Nota al título y mención de responsabilidad Una asociada al Rosario Perpetuo es seud. de María Ruiz Tordesillas, poetisa nacida en Málaga en 1864
-- (http://www.mcnbiografias.com)
650 #7 - PUNTO DE ACCESO ADICIONAL DE MATERIA--TÉRMINO DE MATERIA
Término de materia o nombre geográfico como elemento de entrada Rosario
Fuente del encabezamiento o término embne
9 (RLIN) 136835
740 32 - ENTRADA AGREGADA--TÍTULO RELACIONADO/ANALÍTICO NO CONTROLADO
Título relacionado o analítico no controlado El Santo Rosario de la Madre de Dios.
752 ## - ENTRADA AGREGADA--NOMBRE JERÁRQUICO DEL LUGAR
País o entidad superior España -
Ciudad Madrid
830 1# - PUNTO DE ACCESO ADICIONAL DE SERIE-TÍTULO UNIFORME
Título uniforme Biblioteca de la mujer piadosa
9 (RLIN) 222282
852 ## - LOCALIZACIÓN
Ubicación ES-MaACL
Número de control de estantería G-13510
Nota libre - Enc. tela
856 ## - LOCALIZACIÓN Y ACCESO ELECTRÓNICOS
Identificador Uniforme de Recursos <a href="http://bdh-rd.bne.es/viewer.vm?id=0000066797&page=1 ">http://bdh-rd.bne.es/viewer.vm?id=0000066797&page=1 </a>
Nota pública Biblioteca Digital Hispánica
Holdings
Estatus retirado Estado de pérdida Estado de daño No para préstamo Colección Biblioteca de origen Biblioteca actual Ubicación en estantería Fecha de adquisición Fuente de adquisición Total de préstamos Signatura topográfica completa Código de barras Visto por última vez Precio de reemplazo Tipo de ítem Koha
        Colección digital Biblioteca del Ateneo de Madrid Biblioteca del Ateneo de Madrid Sala Pecera Planta 3 17/01/2008     G-13510 1171374 23/02/2023 23/02/2023 Libro impreso antiguo